Blue smoke / (Record no. 589542)
[ view plain ]
| 000 -LEADER | |
|---|---|
| fixed length control field | 01314cam a2200361 a 4500 |
| 001 - CONTROL NUMBER | |
| control field | 13845452 |
| 003 - CONTROL NUMBER IDENTIFIER | |
| control field | NUST |
| 005 - DATE AND TIME OF LATEST TRANSACTION | |
| control field | 20220509160337.0 |
| 008 - FIXED-LENGTH DATA ELEMENTS--GENERAL INFORMATION | |
| fixed length control field | 050119s2005 nyu 000 1 eng |
| 010 ## - LIBRARY OF CONGRESS CONTROL NUMBER | |
| LC control number | 2005043009 |
| 020 ## - INTERNATIONAL STANDARD BOOK NUMBER | |
| International Standard Book Number | 0399153063 (acidfree paper) |
| 038 ## - RECORD CONTENT LICENSOR | |
| Staff Name | Arshad |
| 040 ## - CATALOGING SOURCE | |
| Original cataloging agency | DLC |
| Transcribing agency | DLC |
| Modifying agency | DLC |
| 043 ## - GEOGRAPHIC AREA CODE | |
| Geographic area code | n-us-md |
| 050 00 - LIBRARY OF CONGRESS CALL NUMBER | |
| Classification number | PS3568.O243 |
| Item number | B55 2005 |
| 082 00 - DEWEY DECIMAL CLASSIFICATION NUMBER | |
| Classification number | 813.54 |
| Author Mark | ROB |
| 100 1# - MAIN ENTRY--PERSONAL NAME | |
| Personal name | Roberts, Nora. |
| 9 (RLIN) | 4521 |
| 245 10 - TITLE STATEMENT | |
| Title | Blue smoke / |
| Statement of responsibility, etc. | Nora Roberts. |
| 260 ## - PUBLICATION, DISTRIBUTION, ETC. | |
| Place of publication, distribution, etc. | New York : |
| Name of publisher, distributor, etc. | G.P. Putnam's Sons, |
| Date of publication, distribution, etc. | 2005. |
| 300 ## - PHYSICAL DESCRIPTION | |
| Extent | 437 p. ; |
| Dimensions | 24 cm. |
| 563 ## - BINDING INFORMATION | |
| Binding note | PBK |
| 650 #0 - SUBJECT ADDED ENTRY--TOPICAL TERM | |
| Topical term or geographic name entry element | Arson investigation |
| Form subdivision | Fiction. |
| 9 (RLIN) | 91414 |
| 650 #0 - SUBJECT ADDED ENTRY--TOPICAL TERM | |
| Topical term or geographic name entry element | Women |
| Geographic subdivision | Maryland |
| Form subdivision | Fiction. |
| 9 (RLIN) | 91415 |
| 650 #0 - SUBJECT ADDED ENTRY--TOPICAL TERM | |
| Topical term or geographic name entry element | Psychopaths |
| Form subdivision | Fiction. |
| 9 (RLIN) | 12117 |
| 651 #0 - SUBJECT ADDED ENTRY--GEOGRAPHIC NAME | |
| Geographic name | Baltimore (Md.) |
| Form subdivision | Fiction. |
| 9 (RLIN) | 91416 |
| 655 #7 - INDEX TERM--GENRE/FORM | |
| Genre/form data or focus term | Psychological fiction. |
| Source of term | lcsh |
| 655 #7 - INDEX TERM--GENRE/FORM | |
| Genre/form data or focus term | Suspense fiction. |
| Source of term | gsafd |
| 856 42 - ELECTRONIC LOCATION AND ACCESS | |
| Materials specified | Contributor biographical information |
| Uniform Resource Identifier | <a href="http://www.loc.gov/catdir/enhancements/fy0717/2005043009-b.html">http://www.loc.gov/catdir/enhancements/fy0717/2005043009-b.html</a> |
| 856 42 - ELECTRONIC LOCATION AND ACCESS | |
| Materials specified | Publisher description |
| Uniform Resource Identifier | <a href="http://www.loc.gov/catdir/enhancements/fy0717/2005043009-d.html">http://www.loc.gov/catdir/enhancements/fy0717/2005043009-d.html</a> |
| 906 ## - LOCAL DATA ELEMENT F, LDF (RLIN) | |
| a | 7 |
| b | cbc |
| c | orignew |
| d | 1 |
| e | ocip |
| f | 20 |
| g | y-gencatlg |
| 942 ## - ADDED ENTRY ELEMENTS (KOHA) | |
| Source of classification or shelving scheme | |
| Koha item type | Book |
| Withdrawn status | Lost status | Source of classification or shelving scheme | Damaged status | Not for loan | Permanent Location | Current Location | Shelving location | Date acquired | Total Checkouts | Full call number | Barcode | Date last seen | Date last checked out | Price effective from | Koha item type |
|---|---|---|---|---|---|---|---|---|---|---|---|---|---|---|---|
| Central Library (CL) | Central Library (CL) | Fiction | 05/09/2022 | 1 | 813.54 ROB | CL3204 | 10/10/2022 | 07/22/2022 | 05/09/2022 | Book |
